000 00524nam a2200205 4500
003 OSt
005 20260530113904.0
008 260507b1995 |||a|||| |||| 001 0 eng d
020 _a2880462576
040 _aICI
_bspa
_cICI
050 _aHF5429215
_bR48
100 1 _aCliff, Stafford
_932596
245 1 0 _aRetail Corporate Identity
264 1 _bRotovision
_c1995
_aSuiza
300 _a224 páginas
336 _atexto
_2rdacontent
337 _asin medio
_2rdamedia
338 _avolumen
_2rdacarrier
942 _2ddc
_cBK
_n1
999 _c11875
_d11875